LEADER 01743nam 2200397z- 450 001 9910346863103321 005 20210211 010 $a1000035587 035 $a(CKB)4920000000101885 035 $a(oapen)https://directory.doabooks.org/handle/20.500.12854/42077 035 $a(oapen)doab42077 035 $a(EXLCZ)994920000000101885 100 $a20202102d2013 |y 0 101 0 $ager 135 $aurmn|---annan 181 $ctxt$2rdacontent 182 $cc$2rdamedia 183 $acr$2rdacarrier 200 00$aBiegetra?ger aus Brettsperrholz bei Beanspruchung in Plattenebene 210 $cKIT Scientific Publishing$d2013 215 $a1 online resource (XXI, 223 p. p.) 225 1 $aKarlsruher Berichte zum Ingenieurholzbau / Karlsruher Institut für Technologie, Holzbau und Baukonstruktionen 311 08$a3-7315-0052-3 330 $aIn der vorliegenden Arbeit wurden die Anwendungsmo?glichkeiten von Biegetra?gern aus Brettsperrholz bei Beanspruchung in Plattenebene untersucht. Mit Hilfe numerischer und analytischer Methoden wurden die fu?r die Bemessung von Brettsperrholztra?gern erforderlichen Ansa?tze fu?r den Nachweis der Biege- und der Schubtragfa?higkeit sowie zur Berechnung der Verformungen entwickelt und hergeleitet. 606 $aHistory of engineering and technology$2bicssc 610 $aBiegetra?ger 610 $aBiegetragfa?higkeit 610 $aBrettsperrholz 610 $aSchubsteifigkeit 610 $aSchubtragfa?higkeit 615 7$aHistory of engineering and technology 700 $aFlaig$b Marcus$4auth$01323431 906 $aBOOK 912 $a9910346863103321 996 $aBiegeträger aus Brettsperrholz bei Beanspruchung in Plattenebene$93035549 997 $aUNINA